Edinburgh Engineering Virtual Library (Record no. 119665)
[ view plain ]
| 000 -LEADER | |
|---|---|
| fixed length control field | 00681cam a2200169 4500 |
| 001 - CONTROL NUMBER | |
| control field | WS108282 |
| 008 - FIXED-LENGTH DATA ELEMENTS--GENERAL INFORMATION | |
| fixed length control field | 000000n 000 0 eng u |
| 035 ## - SYSTEM CONTROL NUMBER | |
| System control number | (Sirsi) u108282 |
| 245 ## - TITLE STATEMENT | |
| Title | Edinburgh Engineering Virtual Library |
| 520 ## - SUMMARY, ETC. | |
| Summary, etc. | Excellent web site providing listings of other sites and discussion groups. Of interest to surveyors are those pages on construction and civil engineering. It includes a search facility over all its sites. |
| 650 ## - SUBJECT ADDED ENTRY--TOPICAL TERM | |
| Topical term or geographic name entry element | BUILT ENVIRONMENT |
| 650 ## - SUBJECT ADDED ENTRY--TOPICAL TERM | |
| Topical term or geographic name entry element | CIVIL ENGINEERING |
| 650 ## - SUBJECT ADDED ENTRY--TOPICAL TERM | |
| Topical term or geographic name entry element | DISCUSSION LISTS |
| 690 ## - LOCAL SUBJECT ADDED ENTRY--TOPICAL TERM (OCLC, RLIN) | |
| Topical term or geographic name as entry element | BUILT ENVIRONMENT |
| 856 40 - ELECTRONIC LOCATION AND ACCESS | |
| Uniform Resource Identifier | <a href="https://www.eevl.ac.uk">https://www.eevl.ac.uk</a> |
| Public note | View the website free of charge at www.eevl.ac.uk... |
| 942 ## - ADDED ENTRY ELEMENTS (KOHA) | |
| Suppress in OPAC | 0 |
| Withdrawn status | Lost status | Source of classification or shelving scheme | Damaged status | Not for loan | Home library | Current library | Shelving location | Date acquired | Total Checkouts | Full call number | Barcode | Date last seen | Copy number | Price effective from | Koha item type |
|---|---|---|---|---|---|---|---|---|---|---|---|---|---|---|---|
| Dewey Decimal Classification | Virtual | Virtual | Online | 11/09/2000 | WEB SITE | 108282-2001 | 06/08/2019 | 1 | 06/08/2019 | Online material |